ՀՀ Գիտությունների ազգային ակադեմիայի հիմնարար գիտական գրադարան  =   Fundamental Scientific Library of NAS RA

Структуры познавательной деятельности : (Record no. 126645)

MARC details
000 -LEADER
fixed length control field 01081nam a2200217 u 4500
001 - CONTROL NUMBER
control field 000336058
003 - CONTROL NUMBER IDENTIFIER
control field AM-YeHGA
005 - DATE AND TIME OF LATEST TRANSACTION
control field 20250617130917.0
008 - FIXED-LENGTH DATA ELEMENTS--GENERAL INFORMATION
fixed length control field 040519s1989 ||| r 000 0 rus d
040 ## - CATALOGING SOURCE
Original cataloging agency AM-YeHGA
041 0# - LANGUAGE CODE
Language code of text/sound track or separate title rus
090 ## - LOCALLY ASSIGNED LC-TYPE CALL NUMBER (OCLC); LOCAL CALL NUMBER (RLIN)
-- 128007
245 00 - TITLE STATEMENT
Title Структуры познавательной деятельности :
Remainder of title Межвуз. сб. науч. тр. /
Statement of responsibility, etc. М-во нар. образования РСФСР, Владим. гос. пед. ин-т им. П.И. Лебедева-Полянского; Редкол.: В.С. Ивашкин (отв. ред.) и др.
260 ## - PUBLICATION, DISTRIBUTION, ETC.
Place of publication, distribution, etc. Владимир :
Name of publisher, distributor, etc. [Б. и.],
Date of publication, distribution, etc. 1989.
300 ## - PHYSICAL DESCRIPTION
Extent 144 с.
504 ## - BIBLIOGRAPHY, ETC. NOTE
Bibliography, etc. note Библиогр. в конце тр.
653 0# - INDEX TERM--UNCONTROLLED
Uncontrolled term Психология - Сборники
653 0# - INDEX TERM--UNCONTROLLED
Uncontrolled term Педагогическая психология - Сборники
700 1# - ADDED ENTRY--PERSONAL NAME
Personal name Ивашкин, В.С.
Relator term ред.
Relationship edt
710 2# - ADDED ENTRY--CORPORATE NAME
Corporate name or jurisdiction name as entry element Владимирский государственный педагогический институт им. П.И. Лебедева-Полянского
Holdings
Withdrawn status Lost status Damaged status Not for loan Collection Home library Current library Date acquired Total checkouts Full call number Barcode Date last seen Price effective from Koha item type Public note
        General Fundamental Scientific Library Fundamental Scientific Library 22/12/2016   [159.955+159.922.7] 120629900 22/12/2016 22/12/2016 Գրքեր / Books 30 Days Loan


ՀՀ ԳԱԱ հիմնարար գիտական գրադարան
ՀՀ,Երևան 0019
Մարշալ Բաղրամյան 24/6
հեռախոս:(374-10) 52-47-50
Հետադարձ կապ

All site content, except where otherwise noted, is licensed under a
Creative Commons License